[Event "Girona-ch"]
[Site "Blanes"]
[Date "2015.??.??"]
[Round "6"]
[White "Pages Lopez, David"]
[Black "Mestres Ramon, Pol"]
[Result "1-0"]
[WhiteElo "1862"]
[BlackElo "2024"]
[PlyCount "84"]
[EventDate "2015.09.27"]
[EventType "swiss"]
[EventRounds "9"]
[EventCountry "ESP"]
[SourceTitle "EXT 2017"]
[Source "ChessBase"]
[SourceDate "2016.10.25"]
[SourceVersion "1"]
[SourceVersionDate "2016.10.25"]
[SourceQuality "1"]

1. d4 Nf6 2. Bg5 g6 3. Bxf6 exf6 4. c4 f5 5. Nc3 Bg7 6. g3 c6 7. Bg2 Qb6 8. e3 Qxb2 9. Nge2 d6 10. 0-0 0-0 11. Rb1 Qa3 12. Qd3 Qa5 13. d5 Qc7 14. Rb3 Nd7 15. Qc2 Ne5 16. Na4 Bd7 17. Rfb1 Rab8 18. f4 cxd5 19. Nac3 Nxc4 20. Nxd5 Qc5 21. Rxb7 Rxb7 22. Rxb7 Be6 23. Rc7 Qa5 24. Qxc4 Rb8 25. Kf2 Rb5 26. Ne7+ Kf8 27. Qc6 Bf6 28. Qxd6 Kg7 29. Nc6 Qb6 30. Ned4 Bxd4 31. Qxd4+ Qxd4 32. Nxd4 Rb2+ 33. Kg1 Rb1+ 34. Bf1 Bxa2 35. Kf2 Rb2+ 36. Rc2 Rxc2+ 37. Nxc2 a5 38. Na3 Kf6 39. Bc4 Bxc4 40. Nxc4 a4 41. Ke2 Ke6 42. Kd3 f6 1-0

[Event "Girona Territorial-ch"]
[Site "Girona"]
[Date "2014.11.16"]
[Round "7"]
[White "Domenech Plana, Jaume"]
[Black "Mestres Ramon, Pol"]
[Result "1-0"]
[WhiteElo "2315"]
[BlackElo "2000"]
[PlyCount "69"]
[EventDate "2014.10.05"]
[EventType "swiss"]
[EventRounds "9"]
[EventCountry "CAT"]
[SourceTitle "CBM 163 Extra"]
[Source "ChessBase"]
[SourceDate "2014.12.23"]
[SourceVersion "1"]
[SourceVersionDate "2014.12.23"]
[SourceQuality "1"]

1. e4 d5 2. exd5 Qxd5 3. Nf3 Nf6 4. Be2 c5 5. 0-0 Nc6 6. Nc3 Qd8 7. a4 Bf5 8. Bb5 a6 9. Bxc6+ bxc6 10. d3 e6 11. Ne5 Bd6 12. Qe2 Qc7 13. f4 0-0 14. Nc4 Be7 15. Ne4 Bxe4 16. dxe4 Rfd8 17. e5 Nd5 18. Bd2 Rd7 19. Rf3 Nb4 20. Bc3 Re8 21. Rh3 Nd5 22. Qe4 g6 23. Bd2 f5 24. Qe2 Nb4 25. c3 Nd5 26. a5 Qb7 27. g4 fxg4 28. Qxg4 Bf8 29. Rf1 Qb5 30. f5 exf5 31. Rxf5 Rg7 32. Rf2 Qa4 33. Bh6 Rf7 34. Rxf7 Kxf7 35. Nd6+ 1-0

[Event "Girona Territorial-ch"]
[Site "Girona"]
[Date "2014.11.09"]
[Round "6"]
[White "Mestres Ramon, Pol"]
[Black "Alejo Alvarez, Miguel Angel"]
[Result "1-0"]
[WhiteElo "2000"]
[BlackElo "1956"]
[PlyCount "81"]
[EventDate "2014.10.05"]
[EventType "swiss"]
[EventRounds "9"]
[EventCountry "CAT"]
[SourceTitle "CBM 163 Extra"]
[Source "ChessBase"]
[SourceDate "2014.12.23"]
[SourceVersion "1"]
[SourceVersionDate "2014.12.23"]
[SourceQuality "1"]

1. e4 e5 2. Nf3 Nc6 3. Nc3 Nf6 4. d4 exd4 5. Nxd4 d6 6. Be3 Be7 7. f3 Bd7 8. Bc4 a6 9. Qd2 b5 10. Nxc6 Bxc6 11. Bb3 0-0 12. 0-0 a5 13. a4 b4 14. Ne2 Bb7 15. Nd4 c5 16. Nf5 Rc8 17. Bc4 Qc7 18. Rad1 Rcd8 19. Bf4 Ne8 20. Nxe7+ Qxe7 21. Bg5 Nf6 22. Qf4 Bc6 23. b3 Qe5 24. Qh4 Rd7 25. Bxf6 gxf6 26. Bd5 Rc7 27. Bxc6 Rxc6 28. Rd5 Qc3 29. Qh6 f5 30. Rxf5 f6 31. Rh5 Rc7 32. Qf4 Rg7 33. Qxd6 Qxc2 34. Qd5+ Kh8 35. g3 Rfg8 36. Rf2 Qc1+ 37. Kg2 Qc3 38. Qxc5 Qxb3 39. Qxa5 Rc8 40. Rb5 Qd3 41. Rxb4 1-0

[Event "Girona op-A 4th"]
[Site "Girona"]
[Date "2013.07.22"]
[Round "8"]
[White "Molina Carretero, Daniel"]
[Black "Mestres Ramon, Pol"]
[Result "1/2-1/2"]
[WhiteElo "1798"]
[BlackElo "1624"]
[PlyCount "103"]
[EventDate "2013.07.15"]
[EventType "swiss"]
[EventRounds "9"]
[EventCountry "ESP"]
[SourceTitle "CBM 155 Extra"]
[Source "ChessBase"]
[SourceDate "2013.08.26"]
[SourceVersion "1"]
[SourceVersionDate "2013.08.26"]
[SourceQuality "1"]

1. e4 c5 2. Nf3 d6 3. d4 cxd4 4. Nxd4 Nf6 5. Nc3 a6 6. h3 e5 7. Nde2 Be6 8. g4 d5 9. exd5 Nxd5 10. Bg2 Nxc3 11. Qxd8+ Kxd8 12. Nxc3 Nc6 13. Be3 Bb4 14. 0-0-0+ Kc7 15. Nd5+ Bxd5 16. Rxd5 Rad8 17. Rhd1 Rxd5 18. Rxd5 Rd8 19. c3 Ba5 20. Rxd8 Nxd8 21. Kd2 Kd6 22. b4 Bc7 23. a4 b6 24. Kd3 a5 25. Kc4 Ne6 26. Kb5 axb4 27. cxb4 Nd4+ 28. Bxd4 exd4 29. a5 bxa5 30. bxa5 Bb8 31. Kb6 Bc7+ 32. Kb5 Bb8 33. Ka6 Bc7 34. Kb5 Bb8 35. Be4 h6 36. h4 g5 37. h5 f6 38. f3 Ba7 39. Ka6 Bc5 40. Kb7 Ke5 41. a6 Kf4 42. a7 Bxa7 43. Kxa7 Ke3 44. Kb6 d3 45. Kc5 d2 46. Bc2 Kxf3 47. Bd1+ Kf4 48. Kd4 f5 49. gxf5 Kxf5 50. Ke3 g4 51. Kf2 Kg5 52. Kg3 1/2-1/2

[Event "Girona op-A 4th"]
[Site "Girona"]
[Date "2013.07.21"]
[Round "7"]
[White "Mestres Ramon, Pol"]
[Black "Vidal Palou, Jordi"]
[Result "1-0"]
[WhiteElo "1624"]
[BlackElo "1679"]
[PlyCount "79"]
[EventDate "2013.07.15"]
[EventType "swiss"]
[EventRounds "9"]
[EventCountry "ESP"]
[SourceTitle "CBM 155 Extra"]
[Source "ChessBase"]
[SourceDate "2013.08.26"]
[SourceVersion "1"]
[SourceVersionDate "2013.08.26"]
[SourceQuality "1"]

1. e4 c5 2. Nc3 e5 3. Bc4 Nf6 4. d3 d6 5. f4 Be6 6. Bxe6 fxe6 7. fxe5 dxe5 8. Nf3 Nc6 9. 0-0 Qb6 10. Kh1 Bd6 11. Qe1 0-0-0 12. Qg3 Qc7 13. Nb5 Qe7 14. Nxd6+ Qxd6 15. Qxg7 Nh5 16. Qh6 Nf4 17. Nxe5 Ng6 18. Nf7 Qc7 19. Nxh8 Rxh8 20. Bg5 Re8 21. Rf2 Qa5 22. Raf1 Nce5 23. Qxh7 Rh8 24. Qg7 Rxh2+ 25. Kxh2 Ng4+ 26. Kg1 Nxf2 27. Qg8+ Kd7 28. Qf7+ Kc6 29. Qxe6+ Kb5 30. c4+ Ka4 31. b3+ Ka3 32. Bc1+ Kxa2 33. Rxf2+ Kb1 34. Qxg6 Kxc1 35. Qg5+ Kb1 36. Rf1+ Ka2 37. Qc1 Kxb3 38. Qb1+ Kc3 39. Qa1+ Qxa1 40. Rxa1 1-0

[Event "Girona op-A 4th"]
[Site "Girona"]
[Date "2013.07.20"]
[Round "6"]
[White "Parayre Soguero, Jordi"]
[Black "Mestres Ramon, Pol"]
[Result "1-0"]
[WhiteElo "1947"]
[BlackElo "1624"]
[PlyCount "83"]
[EventDate "2013.07.15"]
[EventType "swiss"]
[EventRounds "9"]
[EventCountry "ESP"]
[SourceTitle "CBM 155 Extra"]
[Source "ChessBase"]
[SourceDate "2013.08.26"]
[SourceVersion "1"]
[SourceVersionDate "2013.08.26"]
[SourceQuality "1"]

1. d4 Nf6 2. c4 c5 3. d5 e6 4. Nc3 exd5 5. cxd5 d6 6. e4 g6 7. Nf3 Bg7 8. h3 0-0 9. Bd3 a6 10. 0-0 b5 11. Re1 Re8 12. Qc2 Nbd7 13. Bf4 Qe7 14. Bxb5 axb5 15. Nxb5 Ne5 16. Bxe5 dxe5 17. d6 Qb7 18. Nc7 Bd7 19. Nxa8 Qxa8 20. Nd2 Qc6 21. Nc4 Be6 22. b3 Bxc4 23. bxc4 Qxd6 24. a4 Qa6 25. Qb3 Nd7 26. Qb5 Qxb5 27. cxb5 f5 28. f3 Rb8 29. Kf2 Bh6 30. Red1 Nf6 31. Rd6 Kf7 32. exf5 gxf5 33. b6 Bf8 34. Rc6 Nd7 35. a5 Be7 36. a6 Nxb6 37. a7 Ra8 38. Rxb6 c4 39. Rb8 Bc5+ 40. Ke2 Rxa7 41. Rxa7+ Bxa7 42. Rb7+ 1-0

[Event "Girona op-A 4th"]
[Site "Girona"]
[Date "2013.07.19"]
[Round "5"]
[White "Mestres Ramon, Pol"]
[Black "Bou Janoher, Ernest"]
[Result "1-0"]
[WhiteElo "1624"]
[BlackElo "1792"]
[PlyCount "106"]
[EventDate "2013.07.15"]
[EventType "swiss"]
[EventRounds "9"]
[EventCountry "ESP"]
[SourceTitle "CBM 155 Extra"]
[Source "ChessBase"]
[SourceDate "2013.08.26"]
[SourceVersion "1"]
[SourceVersionDate "2013.08.26"]
[SourceQuality "1"]

1. e4 c5 2. Nf3 Nc6 3. d4 cxd4 4. Nxd4 Nf6 5. Nc3 e5 6. Ndb5 d6 7. Bg5 a6 8. Na3 b5 9. Bxf6 gxf6 10. Nd5 Be6 11. c3 Bg7 12. Nc2 0-0 13. Nce3 Rc8 14. Be2 Ne7 15. Nxe7+ Qxe7 16. Bg4 Qb7 17. Nd5 Rc5 18. Bxe6 fxe6 19. Ne3 Rd8 20. Qg4 Qf7 21. 0-0 Rf8 22. Rfd1 f5 23. exf5 exf5 24. Qb4 Qe6 25. a4 f4 26. Nf1 f3 27. Ng3 Rf4 28. Qa5 d5 29. axb5 Rxb5 30. Qxa6 Qxa6 31. Rxa6 Rxb2 32. Ra8+ Bf8 33. Rd8 fxg2 34. R8xd5 Rfxf2 35. Rxe5 Rfc2 36. Ne4 Rb6 37. Rg5+ Rg6 38. Rxg6+ hxg6 39. Rd2 Rxd2 40. Nxd2 Kf7 41. Kxg2 Ke6 42. Kf3 Ke5 43. Kg4 Be7 44. Nf3+ Kd5 45. Nh4 g5 46. Nf3 Kc4 47. Nxg5 Kxc3 48. h4 Kd4 49. Kf5 Kd5 50. h5 Ba3 51. h6 Kd6 52. Kf6 Bb2+ 53. Kf7 Kd7 1-0